[Event "First Saturday 2008 december IM"]
[Site "Budapest"]
[Date "2008.12.06"]
[Round "1"]
[White "Kislik, Erik Andrew"]
[Black "Adams, Nick A"]
[Result "1-0"]
[WhiteElo "2278"]
[BlackElo "2205"]
[PlyCount "73"]
[EventDate "2008.12.06"]

1. e4 c6 2. d4 d5 3. e5 c5 4. dxc5 Nc6 5. Nf3 e6 6. Bd3 Bxc5 7. O-O f6 8. Qe2
fxe5 9. Nxe5 Nf6 10. Bf4 O-O 11. Nd2 Bd7 12. Rae1 Nd4 13. Qd1 Be8 14. Be3 Bb6
15. c3 Nc6 16. Nxc6 bxc6 17. Nb3 Qd6 18. Bd4 Bh5 19. Be2 Bg6 20. Bd3 Bh5 21.
Qb1 Ng4 22. g3 Nf6 23. Be5 Qd7 24. h3 Qf7 25. Qc2 Bf3 26. Nd2 Bh5 27. Kg2 Bg6
28. Bxg6 hxg6 29. f4 Rfe8 30. Nf3 Nd7 31. g4 Nf8 32. Bd6 Nd7 33. Ne5 Nxe5 34.
fxe5 Qb7 35. Qxg6 c5 36. Kg3 Bc7 37. Rf7 1-0

[Event "First Saturday 2008 december IM"]
[Site "Budapest"]
[Date "2008.12.06"]
[Round "1"]
[White "Stigar, Petter"]
[Black "Juhasz, Kristof"]
[Result "1/2-1/2"]
[WhiteElo "2299"]
[BlackElo "2214"]
[PlyCount "41"]
[EventDate "2008.12.06"]

1. Nf3 d5 2. d4 c5 3. g3 cxd4 4. Nxd4 e5 5. Nb3 h6 6. Bg2 Nf6 7. O-O Nc6 8. c4
Be6 9. cxd5 Bxd5 10. Nc3 Bxg2 11. Kxg2 Be7 12. Be3 O-O 13. Qxd8 Rfxd8 14. Rfd1
Kf8 15. Kf3 Rxd1 16. Rxd1 Rd8 17. Rxd8+ Bxd8 18. Nc5 b6 19. N5e4 Ne8 20. g4 Ke7
21. Ng3 1/2-1/2

[Event "First Saturday 2008 december IM"]
[Site "Budapest"]
[Date "2008.12.06"]
[Round "1"]
[White "Kahn, Evarth dr"]
[Black "Toth, Lili"]
[Result "0-1"]
[WhiteElo "2297"]
[BlackElo "2194"]
[PlyCount "88"]
[EventDate "2008.12.06"]

1. e4 e6 2. d4 d5 3. Nc3 dxe4 4. Nxe4 Nd7 5. Nf3 Ngf6 6. Nxf6+ Nxf6 7. Bd3 c5
8. dxc5 Bxc5 9. Bg5 Qb6 10. O-O Bd7 11. Qe2 h6 12. Bd2 O-O 13. Ne5 Rad8 14. g4
Bc6 15. g5 hxg5 16. Bxg5 Be7 17. Bxf6 Bxf6 18. Qh5 Rxd3 19. Nxd3 Rd8 20. Ne5
Bxe5 21. Qxe5 Rd5 22. Qe3 Qxe3 23. fxe3 Rg5+ 24. Kf2 Rg2+ 25. Ke1 Bb5 26. Rh1
Rxc2 27. b4 Re2+ 28. Kd1 Rxe3 29. a4 Bc6 30. Re1 Rh3 31. b5 Bd5 32. Kd2 Rxh2+
33. Kd3 f5 34. Rec1 Kf7 35. Rc7+ Kf6 36. a5 Rb2 37. Rc5 g5 38. a6 bxa6 39. bxa6
g4 40. Rc7 g3 41. Rxa7 g2 42. Rd7 Ra2 43. Rxa2 g1=Q 44. Rxd5 Qb1+ 0-1

[Event "First Saturday 2008 december IM"]
[Site "Budapest"]
[Date "2008.12.06"]
[Round "1"]
[White "Demir, Gokhan"]
[Black "Yatzenko, Anton"]
[Result "1/2-1/2"]
[WhiteElo "2239"]
[BlackElo "2267"]
[PlyCount "98"]
[EventDate "2008.12.06"]

1. d4 Nf6 2. c4 e6 3. Nc3 Bb4 4. e3 O-O 5. Nge2 d5 6. a3 Be7 7. Ng3 c5 8. dxc5
Bxc5 9. b4 Be7 10. Bb2 Nc6 11. cxd5 exd5 12. Bd3 a5 13. b5 Ne5 14. Nce2 Nc4 15.
Bxc4 dxc4 16. Qxd8 Rxd8 17. Nd4 Nd5 18. Ne4 f5 19. Nc3 Nf4 20. exf4 Rxd4 21.
Rd1 Bf6 22. Rxd4 Bxd4 23. Ke2 Be6 24. Rd1 Bc5 25. a4 Re8 26. Kf1 Bb4 27. h3 Kf7
28. Ne2 Re7 29. Be5 c3 30. Nxc3 Bb3 31. Rb1 Bc4+ 32. Kg1 g5 33. Rc1 gxf4 34.
Bxf4 Bb3 35. Rb1 Be6 36. Rc1 Rd7 37. Be5 Rd3 38. Ne2 Rd5 39. Rc7+ Rd7 40. Rxd7+
Bxd7 41. Nd4 Be6 42. f4 Bd5 43. Nxf5 Bb3 44. Nd6+ Bxd6 45. Bxd6 Bxa4 46. Bc7
Bxb5 47. Bxa5 h5 48. Kf2 Bd7 49. Bb6 Kg6 1/2-1/2

[Event "First Saturday 2008 december IM"]
[Site "Budapest"]
[Date "2008.12.07"]
[Round "2"]
[White "Simonyi, Zoltan"]
[Black "Demir, Gokhan"]
[Result "0-1"]
[WhiteElo "2248"]
[BlackElo "2239"]
[PlyCount "104"]
[EventDate "2008.12.06"]

1. d4 Nf6 2. c4 g6 3. Nc3 d5 4. g3 Bg7 5. Bg2 c6 6. Qb3 O-O 7. Nh3 dxc4 8. Qxc4
Nd5 9. e3 Nb6 10. Qe2 e5 11. dxe5 Bxe5 12. O-O Be6 13. Rd1 Qc8 14. Ng5 Bc4 15.
Qc2 Na6 16. f4 Bg7 17. Bf1 Nb4 18. Qg2 Bxf1 19. Qxf1 Qg4 20. Nge4 Rad8 21. h3
Qe6 22. g4 Qc4 23. g5 Rfe8 24. Nf6+ Bxf6 25. gxf6 Qxf1+ 26. Kxf1 Rxd1+ 27. Nxd1
N4d5 28. b3 Nxf6 29. Bb2 Ne4 30. Rc1 Rd8 31. Bd4 c5 32. Be5 Rd2 33. Nc3 Nxc3
34. Bxc3 Rh2 35. Kg1 Rxh3 36. Rd1 f5 37. Rd8+ Kf7 38. Rb8 Rxe3 39. Be5 Rd3 40.
Rh8 Nd7 41. Rxh7+ Ke6 42. Bc7 b5 43. Rg7 Kf6 44. Rh7 c4 45. bxc4 bxc4 46. Kf2
c3 47. Ke2 c2 48. Rh1 Rc3 49. Bd8+ Ke6 50. Kd2 Rc8 51. Bg5 Nf6 52. Rc1 Nd5 0-1

[Event "First Saturday 2008 december IM"]
[Site "Budapest"]
[Date "2008.12.07"]
[Round "2"]
[White "Toth, Lili"]
[Black "Bacso, Gabor"]
[Result "1-0"]
[WhiteElo "2194"]
[BlackElo "2181"]
[PlyCount "27"]
[EventDate "2008.12.06"]

1. d4 d5 2. Nc3 Nf6 3. Bg5 Bf5 4. Bxf6 gxf6 5. g3 e6 6. Bg2 c5 7. e4 dxe4 8. d5
Qb6 9. Rb1 Nd7 10. Nge2 O-O-O 11. Nxe4 exd5 12. Qxd5 Ne5 13. Qb3 Qc6 14. Nd6+
1-0

[Event "First Saturday 2008 december IM"]
[Site "Budapest"]
[Date "2008.12.07"]
[Round "2"]
[White "Juhasz, Kristof"]
[Black "Kahn, Evarth dr"]
[Result "1/2-1/2"]
[WhiteElo "2214"]
[BlackElo "2297"]
[PlyCount "39"]
[EventDate "2008.12.06"]

1. Nf3 d5 2. d4 c5 3. c4 dxc4 4. e4 cxd4 5. Qxd4 Qxd4 6. Nxd4 a6 7. Bxc4 e6 8.
Be3 Nf6 9. f3 Bc5 10. Ke2 O-O 11. Nc3 Bd7 12. Rac1 Rc8 13. Bb3 Nc6 14. Nxc6
Rxc6 15. Rhd1 Bxe3 16. Kxe3 Be8 17. Ne2 Kf8 18. Nd4 Rcc8 19. Ne2 Ke7 20. Nf4
1/2-1/2

[Event "First Saturday 2008 december IM"]
[Site "Budapest"]
[Date "2008.12.07"]
[Round "2"]
[White "Adams, Nick A"]
[Black "Stigar, Petter"]
[Result "0-1"]
[WhiteElo "2205"]
[BlackElo "2299"]
[PlyCount "42"]
[EventDate "2008.12.06"]

1. c4 e6 2. Nc3 d5 3. d4 Nf6 4. cxd5 exd5 5. Bg5 Be7 6. e3 Nbd7 7. Bd3 O-O 8.
Qc2 Re8 9. Nf3 Nf8 10. h3 c6 11. Bf4 Be6 12. g4 Qa5 13. Kf1 Rac8 14. Kg2 c5 15.
dxc5 Qxc5 16. Rhc1 Ng6 17. Bg3 Bd6 18. Nb5 Qb6 19. Qa4 Bxg3 20. Kxg3 Ne4+ 21.
Kg2 Nf4+ 0-1

[Event "First Saturday 2008 december IM"]
[Site "Budapest"]
[Date "2008.12.07"]
[Round "2"]
[White "Karolyi, Tibor Jr"]
[Black "Kislik, Erik Andrew"]
[Result "0-1"]
[WhiteElo "2363"]
[BlackElo "2278"]
[PlyCount "74"]
[EventDate "2008.12.06"]

1. d4 Nf6 2. c4 g6 3. Nc3 d5 4. Nf3 Bg7 5. Qb3 dxc4 6. Qxc4 O-O 7. Bf4 c6 8. e4
Nfd7 9. Be2 Nb6 10. Qd3 Bg4 11. Rd1 a5 12. O-O Na6 13. Qe3 Nb4 14. Rd2 Bxf3 15.
Qxf3 e5 16. dxe5 Qe7 17. Qe3 Nc8 18. Qg3 Na6 19. Bxa6 Rxa6 20. Rfd1 Nb6 21. Rd6
Re8 22. h4 Raa8 23. e6 fxe6 24. Bg5 Qf8 25. R1d3 Nc4 26. Rd7 Ne5 27. h5 Nxd3
28. Rxd3 Qc5 29. hxg6 h6 30. Bh4 Qe5 31. f4 Qc5+ 32. Kh2 Rf8 33. Qg4 Rxf4 34.
Qxe6+ Kh8 35. Bg3 Qh5+ 36. Kg1 Rf6 37. Qd7 Raf8 0-1

[Event "First Saturday 2008 december IM"]
[Site "Budapest"]
[Date "2008.12.07"]
[Round "2"]
[White "Bravetti, Antonio"]
[Black "Szalanczy, Emil"]
[Result "0-1"]
[WhiteElo "2205"]
[BlackElo "2343"]
[PlyCount "160"]
[EventDate "2008.12.06"]

1. Nf3 c5 2. e3 g6 3. d4 Bg7 4. Be2 Nf6 5. O-O O-O 6. c4 Nc6 7. Nc3 b6 8. b3 d6
9. Bb2 Bd7 10. h3 Rc8 11. dxc5 bxc5 12. Qd2 Bf5 13. Rfd1 h6 14. Nd5 Ne4 15. Qc1
e5 16. Nc3 Qe7 17. Nxe4 Bxe4 18. Nd2 Bf5 19. f3 Rcd8 20. Ne4 Be6 21. Nc3 f5 22.
f4 exf4 23. exf4 Nd4 24. Re1 Rde8 25. Nb5 Bf7 26. Nxd4 cxd4 27. Bf3 Qh4 28.
Rxe8 Rxe8 29. Qd2 g5 30. fxg5 hxg5 31. Qf2 Re3 32. Qxh4 gxh4 33. Rd1 d3 34.
Bxg7 Kxg7 35. Kf2 f4 36. Re1 Re5 37. Rxe5 dxe5 38. c5 Kf6 39. Be4 a5 40. Ke1 f3
41. Bxf3 Bg6 42. Kd2 e4 43. Bg4 Ke5 44. a3 Kd4 45. c6 e3+ 46. Kd1 Bf7 47. c7
Bxb3+ 48. Kc1 d2+ 49. Kb2 e2 50. Bxe2 Be6 51. Kc2 Ke3 52. Bf3 Bc8 53. Bg4 Bxg4
54. hxg4 Ke2 55. c8=Q d1=Q+ 56. Kb2 Kf1 57. Qf5+ Kxg2 58. g5 Qd4+ 59. Kc2 h3
60. g6 Qc4+ 61. Kd2 Qa2+ 62. Ke1 Qa1+ 63. Ke2 Qb2+ 64. Ke1 h2 65. Qe4+ Kg3 66.
Qe3+ Kg4 67. Qe4+ Kh5 68. Qf5+ Kh6 69. Qf4+ Kxg6 70. Qg4+ Kf6 71. Qf4+ Ke6 72.
Qc4+ Kf5 73. Qf7+ Ke4 74. Qc4+ Qd4 75. Qc2+ Kf3 76. Qf5+ Qf4 77. Qh5+ Ke3 78.
Qh3+ Kd4 79. Qd7+ Kc3 80. Qc6+ Kb3 0-1

[Event "First Saturday 2008 december IM"]
[Site "Budapest"]
[Date "2008.12.08"]
[Round "3"]
[White "Kislik, Erik Andrew"]
[Black "Bravetti, Antonio"]
[Result "0-1"]
[WhiteElo "2278"]
[BlackElo "2205"]
[PlyCount "90"]
[EventDate "2008.12.06"]

1. e4 c5 2. Nf3 Nc6 3. d4 cxd4 4. Nxd4 e5 5. Nb5 d6 6. c4 Be7 7. N1c3 a6 8. Na3
Be6 9. Nc2 Bg5 10. Bxg5 Qxg5 11. h4 Qh6 12. Nd5 Rc8 13. Nce3 Nd4 14. Qa4+ Bd7
15. Qa5 Bc6 16. Bd3 Nf6 17. Nc7+ Kd7 18. Ncd5 Bxd5 19. Nxd5 Nxd5 20. Qxd5 Rc7
21. b4 Qe6 22. Qxe6+ Kxe6 23. Kd2 b5 24. Rhc1 Rhc8 25. cxb5 axb5 26. Kd1 Rxc1+
27. Rxc1 Ra8 28. Ra1 Ra3 29. Bc2 Rc3 30. Rc1 Ra3 31. Ra1 g6 32. Kd2 f5 33. h5
fxe4 34. hxg6 hxg6 35. Bxe4 Nb3+ 36. axb3 Rxa1 37. Bxg6 Ra2+ 38. Bc2 e4 39. Kc1
Ke5 40. Kb1 Ra7 41. f3 d5 42. fxe4 dxe4 43. Bd1 Rd7 44. Kc1 Kf4 45. Be2 Rd5 0-1

[Event "First Saturday 2008 december IM"]
[Site "Budapest"]
[Date "2008.12.08"]
[Round "3"]
[White "Stigar, Petter"]
[Black "Karolyi, Tibor Jr"]
[Result "1/2-1/2"]
[WhiteElo "2299"]
[BlackElo "2363"]
[PlyCount "25"]
[EventDate "2008.12.06"]

1. Nf3 d5 2. d4 c5 3. c4 dxc4 4. e3 cxd4 5. Bxc4 Qc7 6. Bb3 dxe3 7. Bxe3 e6 8.
O-O Nf6 9. Nc3 Bd7 10. Rc1 Qa5 11. Nd2 Be7 12. Nc4 Qa6 13. Qf3 1/2-1/2

[Event "First Saturday 2008 december IM"]
[Site "Budapest"]
[Date "2008.12.08"]
[Round "3"]
[White "Bacso, Gabor"]
[Black "Juhasz, Kristof"]
[Result "1/2-1/2"]
[WhiteElo "2181"]
[BlackElo "2214"]
[PlyCount "113"]
[EventDate "2008.12.06"]

1. d4 e6 2. Nf3 f5 3. d5 Bd6 4. c4 Nf6 5. Nc3 O-O 6. g3 Bb4 7. Bd2 c6 8. dxe6
dxe6 9. Bg2 Qe7 10. O-O e5 11. Qb3 Na6 12. a3 Bc5 13. e3 Rd8 14. Ne2 Kh8 15.
Qc2 Bd6 16. b4 e4 17. Ng5 h6 18. Nh3 Be5 19. Bc3 Bxc3 20. Nxc3 Be6 21. Ne2 c5
22. b5 Nb8 23. Rfd1 Nbd7 24. Nhf4 Bf7 25. Bf1 g5 26. Nd5 Bxd5 27. cxd5 Ne5 28.
Nc3 Rd6 29. Qb3 Qf7 30. Bc4 Qh5 31. Kg2 g4 32. Kf1 Qxh2 33. Ne2 Qh1+ 34. Ng1
Rad8 35. Qc3 Nxc4 36. Qxc4 b6 37. Qc3 Re8 38. a4 Qh5 39. Ne2 Qh1+ 40. Ng1 Kg7
41. a5 Re7 42. axb6 axb6 43. Ra8 Qh5 44. Ne2 Qh1+ 45. Ng1 Qh5 46. Ne2 Kf7 47.
Nf4 Qh1+ 48. Ke2 Qf3+ 49. Ke1 Qh1+ 50. Ke2 Qf3+ 51. Ke1 h5 52. Ne6 Qh1+ 53. Ke2
Qf3+ 54. Ke1 Qh1+ 55. Ke2 Qf3+ 56. Ke1 Qh1+ 57. Ke2 1/2-1/2

[Event "First Saturday 2008 december IM"]
[Site "Budapest"]
[Date "2008.12.08"]
[Round "3"]
[White "Demir, Gokhan"]
[Black "Toth, Lili"]
[Result "1-0"]
[WhiteElo "2239"]
[BlackElo "2194"]
[PlyCount "69"]
[EventDate "2008.12.06"]

1. d4 Nf6 2. c4 e6 3. Nc3 Bb4 4. e3 Nc6 5. Nge2 O-O 6. a3 Bxc3+ 7. Nxc3 d6 8.
e4 e5 9. d5 Nb8 10. Be2 a5 11. Be3 Na6 12. b4 Bd7 13. Rb1 Qc8 14. c5 Ng4 15.
Bxg4 Bxg4 16. f3 Bd7 17. c6 bxc6 18. dxc6 Be6 19. b5 Nc5 20. Nd5 Bxd5 21. exd5
Qd8 22. Bxc5 dxc5 23. d6 cxd6 24. b6 Qh4+ 25. g3 Qe7 26. Qd5 e4 27. O-O e3 28.
Rfe1 Rae8 29. Kg2 Qd8 30. f4 h6 31. Rb3 Qf6 32. c7 g5 33. b7 gxf4 34. b8=Q c4
35. Qxe8 1-0

[Event "First Saturday 2008 december IM"]
[Site "Budapest"]
[Date "2008.12.08"]
[Round "3"]
[White "Yatzenko, Anton"]
[Black "Simonyi, Zoltan"]
[Result "1-0"]
[WhiteElo "2267"]
[BlackElo "2248"]
[PlyCount "131"]
[EventDate "2008.12.06"]

1. e4 c6 2. d4 d5 3. e5 Bf5 4. Be3 e6 5. Nd2 Nd7 6. c3 f6 7. f4 Bg6 8. Ngf3 Qc7
9. Be2 Ne7 10. O-O c5 11. Bf2 Nc6 12. c4 Be4 13. cxd5 Bxd5 14. Bc4 Nb6 15. Bxd5
Nxd5 16. dxc5 O-O-O 17. Qa4 g5 18. fxg5 fxe5 19. Ne4 Kb8 20. Rab1 Nf4 21. b4
Nd4 22. Nxd4 exd4 23. Kh1 h6 24. Bg3 e5 25. Qd1 d3 26. Bxf4 exf4 27. Qf3 Rd4
28. g6 Bg7 29. Rbd1 Re8 30. Nd6 Re3 31. Qh5 Rxb4 32. Qd5 a5 33. Nf5 Ka7 34.
Nxe3 fxe3 35. Rxd3 Rh4 36. Qd6 e2 37. Qb6+ Qxb6 38. cxb6+ Ka6 39. Re1 Rf4 40.
Kg1 Bd4+ 41. Rxd4 Rxd4 42. Rxe2 Rd6 43. g7 Rg6 44. Re7 Rg5 45. Kf2 a4 46. h4
Rg4 47. Kf3 h5 48. Re4 Rxg7 49. Rxa4+ Kxb6 50. Rf4 Rh7 51. Rf5 Kc6 52. Kf4 Kd6
53. Rf6+ Kd5 54. Kg5 Rg7+ 55. Rg6 Rh7 56. Rg8 b5 57. Kg6 Ra7 58. Kxh5 Rxa2 59.
g4 b4 60. g5 b3 61. Rb8 Kc4 62. g6 Rg2 63. Kh6 b2 64. g7 Kc3 65. h5 Kc4 66.
Rxb2 1-0

[Event "First Saturday 2008 december IM"]
[Site "Budapest"]
[Date "2008.12.09"]
[Round "4"]
[White "Toth, Lili"]
[Black "Yatzenko, Anton"]
[Result "1-0"]
[WhiteElo "2194"]
[BlackElo "2267"]
[PlyCount "79"]
[EventDate "2008.12.06"]

1. d4 Nf6 2. c4 e6 3. Nc3 Bb4 4. Bg5 h6 5. Bh4 c5 6. d5 Bxc3+ 7. bxc3 d6 8. e3
e5 9. Qc2 Nbd7 10. Nf3 Qe7 11. Nd2 g5 12. Bg3 e4 13. Be2 O-O 14. h4 Ne5 15.
hxg5 hxg5 16. f3 Bf5 17. fxe4 Bg6 18. O-O-O Neg4 19. Bxg4 Nxg4 20. Rde1 a6 21.
Qd1 Ne5 22. Qe2 b5 23. Rh6 Kg7 24. Reh1 Rfb8 25. Bxe5+ Qxe5 26. Qg4 Qxc3+ 27.
Kd1 Qe5 28. Rxg6+ Kxg6 29. Qh5+ Kf6 30. Rf1+ Ke7 31. Rxf7+ Kd8 32. Qg4 Qe8 33.
Qxg5+ Kc8 34. Qf5+ Kd8 35. Qf6+ Kc8 36. e5 Qxe5 37. Qg6 Qe8 38. Qf5+ Kd8 39.
Ne4 Rb6 40. Ng5 1-0

[Event "First Saturday 2008 december IM"]
[Site "Budapest"]
[Date "2008.12.09"]
[Round "4"]
[White "Juhasz, Kristof"]
[Black "Demir, Gokhan"]
[Result "1/2-1/2"]
[WhiteElo "2214"]
[BlackElo "2239"]
[PlyCount "102"]
[EventDate "2008.12.06"]

1. d4 Nf6 2. c4 g6 3. Nc3 d5 4. Nf3 Bg7 5. Bg5 O-O 6. Bxf6 Bxf6 7. cxd5 c6 8.
Qb3 cxd5 9. e3 e6 10. Bd3 Nc6 11. O-O Bd7 12. a3 Na5 13. Qa2 Rc8 14. Nd2 Rc7
15. Rac1 Qb8 16. b4 Rfc8 17. Ne2 Rxc1 18. Rxc1 Rxc1+ 19. Nxc1 Qc7 20. Ne2 Nc6
21. Qc2 Bd8 22. Nb3 Ne7 23. Qxc7 Bxc7 24. Nc5 Bc8 25. Nc3 Nf5 26. Nb5 Bb8 27.
g3 Kf8 28. Kf1 Ke7 29. Ke2 b6 30. Na4 Nd6 31. Nxd6 Bxd6 32. Nc3 a6 33. Kd2 Bb7
34. Be2 g5 35. f4 gxf4 36. gxf4 f6 37. Bf3 Bc6 38. Kc2 Bc7 39. Kb3 Kd6 40. Be2
Bb7 41. Bd3 h6 42. Bg6 Ke7 43. Ne2 e5 44. Bf5 Bc6 45. Bg4 Bb5 46. a4 Bc4+ 47.
Kc3 a5 48. b5 Bd6 49. Kc2 Bc7 50. h3 f5 51. Bh5 Bxe2 1/2-1/2

[Event "First Saturday 2008 december IM"]
[Site "Budapest"]
[Date "2008.12.09"]
[Round "4"]
[White "Adams, Nick A"]
[Black "Bacso, Gabor"]
[Result "1-0"]
[WhiteElo "2205"]
[BlackElo "2181"]
[PlyCount "81"]
[EventDate "2008.12.06"]

1. d4 d5 2. c4 dxc4 3. e3 e5 4. Bxc4 exd4 5. exd4 Nf6 6. Qb3 Qe7+ 7. Ne2 Qb4+
8. Nbc3 Qxb3 9. Bxb3 c6 10. O-O Bd6 11. Re1 O-O 12. Ng3 Na6 13. Bg5 Bxg3 14.
hxg3 Be6 15. Bxe6 fxe6 16. Rxe6 Rfe8 17. Rxe8+ Rxe8 18. Bxf6 gxf6 19. Rd1 Nc7
20. d5 Nxd5 21. Nxd5 cxd5 22. Rxd5 Re7 23. g4 Kf7 24. g5 fxg5 25. Rxg5 Re1+ 26.
Kh2 Re2 27. Rb5 b6 28. Kg3 Rd2 29. f4 Kf6 30. Kf3 h5 31. Rxh5 Rxb2 32. a4 a5
33. Rh6+ Kg7 34. Re6 Rb4 35. Kg4 Rxa4 36. Rxb6 Ra1 37. Kg5 a4 38. Rb7+ Kf8 39.
Ra7 a3 40. g4 a2 41. f5 1-0

[Event "First Saturday 2008 december IM"]
[Site "Budapest"]
[Date "2008.12.09"]
[Round "4"]
[White "Karolyi, Tibor Jr"]
[Black "Kahn, Evarth dr"]
[Result "1/2-1/2"]
[WhiteElo "2363"]
[BlackElo "2297"]
[PlyCount "24"]
[EventDate "2008.12.06"]

1. e4 e5 2. Nf3 Nc6 3. Bb5 a6 4. Ba4 Nf6 5. O-O Be7 6. Re1 b5 7. Bb3 O-O 8. c3
d6 9. h3 Re8 10. Ng5 Rf8 11. Nf3 Re8 12. Ng5 Rf8 1/2-1/2

[Event "First Saturday 2008 december IM"]
[Site "Budapest"]
[Date "2008.12.09"]
[Round "4"]
[White "Bravetti, Antonio"]
[Black "Stigar, Petter"]
[Result "1/2-1/2"]
[WhiteElo "2205"]
[BlackElo "2299"]
[PlyCount "25"]
[EventDate "2008.12.06"]

1. d4 Nf6 2. Nf3 e6 3. c4 d5 4. e3 Be7 5. Nc3 O-O 6. Qc2 Na6 7. a3 c5 8. cxd5
cxd4 9. Nxd4 Nxd5 10. Bd2 Nxc3 11. Bxc3 Bd7 12. Bxa6 bxa6 13. O-O 1/2-1/2

[Event "First Saturday 2008 december IM"]
[Site "Budapest"]
[Date "2008.12.09"]
[Round "4"]
[White "Szalanczy, Emil"]
[Black "Kislik, Erik Andrew"]
[Result "1/2-1/2"]
[WhiteElo "2343"]
[BlackElo "2278"]
[PlyCount "122"]
[EventDate "2008.12.06"]

1. e4 c5 2. Nf3 e6 3. d4 cxd4 4. Nxd4 Nc6 5. Nb5 d6 6. Bf4 e5 7. Be3 a6 8. N5c3
Nf6 9. Bc4 Be7 10. Nd5 Nxd5 11. Bxd5 O-O 12. Nc3 Be6 13. Bb3 Qd7 14. Nd5 Bd8
15. O-O Ne7 16. Qd3 Rc8 17. c3 Nxd5 18. Bxd5 Bxd5 19. Qxd5 Qc6 20. Rad1 Bb6 21.
Rfe1 Qxd5 22. Rxd5 Rc6 23. Red1 Rd8 24. Bxb6 Rxb6 25. b3 f6 26. c4 Kf7 27. g4
Ke6 28. R1d3 Rc6 29. Kg2 Rb8 30. a4 b6 31. Rh3 Rh8 32. Kf1 Rc5 33. Ke2 h6 34.
Rhd3 Rd8 35. Kd2 Rd7 36. Kc3 Rc6 37. Kb4 Rb7 38. h4 g6 39. f3 Rg7 40. a5 Rb7
41. Ka4 Ke7 42. axb6 Rcxb6 43. c5 dxc5 44. Rxc5 Rb4+ 45. Ka3 R4b5 46. Rc8 a5
47. Rh8 Ke6 48. Rxh6 a4 49. Kxa4 R5b6 50. Ka3 Ra7+ 51. Kb2 Rba6 52. Rh8 Ra2+
53. Kb1 Ra1+ 54. Kc2 R1a2+ 55. Kb1 Ra1+ 56. Kb2 R1a2+ 57. Kb1 Ra1+ 58. Kb2
R1a2+ 59. Kc3 Rc7+ 60. Kb4 Rb7+ 61. Kc3 Rc7+ 1/2-1/2

[Event "First Saturday 2008 december IM"]
[Site "Budapest"]
[Date "2008.12.10"]
[Round "5"]
[White "Stigar, Petter"]
[Black "Szalanczy, Emil"]
[Result "0-1"]
[WhiteElo "2299"]
[BlackElo "2343"]
[PlyCount "108"]
[EventDate "2008.12.06"]

1. d4 c5 2. d5 e6 3. e4 d6 4. Nc3 exd5 5. exd5 Nf6 6. Nf3 Be7 7. Be2 O-O 8. O-O
Na6 9. Re1 Bf5 10. Bd3 Bxd3 11. Qxd3 Nb4 12. Qd1 Re8 13. a3 Na6 14. Qd3 Qd7 15.
h3 Nc7 16. Bf4 Bf8 17. Bg5 Rxe1+ 18. Rxe1 Nce8 19. Bxf6 Nxf6 20. Ne4 Nxe4 21.
Qxe4 h6 22. a4 a6 23. Qg4 Qd8 24. b3 b5 25. Qf4 Qa5 26. Qd2 Qd8 27. Qf4 Rb8 28.
axb5 axb5 29. Ra1 Qd7 30. Qg4 Qb7 31. Qe4 g6 32. h4 Bg7 33. Re1 Ra8 34. h5 g5
35. Nh2 Qd7 36. Nf1 Bc3 37. Rd1 Re8 38. Qd3 Bg7 39. Ng3 Qg4 40. Kf1 Re5 41. Re1
c4 42. bxc4 bxc4 43. Qd1 Qf4 44. Rxe5 Bxe5 45. Qe1 Kf8 46. Qb1 Qg4 47. Qe1 Bxg3
48. fxg3 Qxh5 49. Qe4 Qd1+ 50. Kf2 Qd2+ 51. Kf3 Qc3+ 52. Kf2 Kg7 53. g4 Qd2+
54. Kg1 Qf4 0-1

[Event "First Saturday 2008 december IM"]
[Site "Budapest"]
[Date "2008.12.10"]
[Round "5"]
[White "Kahn, Evarth dr"]
[Black "Bravetti, Antonio"]
[Result "1/2-1/2"]
[WhiteElo "2297"]
[BlackElo "2205"]
[PlyCount "21"]
[EventDate "2008.12.06"]

1. e4 c5 2. Nc3 Nc6 3. g3 g6 4. Bg2 Bg7 5. Nge2 e6 6. O-O Nge7 7. d3 O-O 8. Be3
Nd4 9. Qd2 d5 10. exd5 exd5 11. Nf4 1/2-1/2

[Event "First Saturday 2008 december IM"]
[Site "Budapest"]
[Date "2008.12.10"]
[Round "5"]
[White "Bacso, Gabor"]
[Black "Karolyi, Tibor Jr"]
[Result "1-0"]
[WhiteElo "2181"]
[BlackElo "2363"]
[PlyCount "95"]
[EventDate "2008.12.06"]

1. d4 f5 2. g3 Nf6 3. Bg2 g6 4. Nh3 d6 5. O-O Nc6 6. b3 Bg7 7. Bb2 O-O 8. Nd2
Ng4 9. e3 e5 10. d5 Nb8 11. c4 a5 12. a3 c5 13. Qc2 Na6 14. Rfe1 Bd7 15. f3 Nf6
16. f4 e4 17. Nf2 b5 18. Red1 Qe7 19. Bf1 Rfb8 20. Rab1 Nc7 21. Be2 a4 22. Bc3
Nfxd5 23. cxd5 Bxc3 24. Qxc3 Nxd5 25. Qc1 Nxe3 26. Re1 Nd5 27. Nf1 Qf6 28. bxa4
Rxa4 29. Ne3 Nxe3 30. Qxe3 Qd4 31. Qb3+ c4 32. Qc2 Rba8 33. Rbd1 Qc5 34. Kf1
Rxa3 35. g4 d5 36. gxf5 Bxf5 37. Qb2 Re8 38. Qf6 Ra7 39. Ng4 Bxg4 40. Bxg4 Rae7
41. h4 Qc7 42. h5 gxh5 43. Rxd5 hxg4 44. Rxe4 h6 45. Qg6+ Kf8 46. Rf5+ Rf7 47.
Rxe8+ Kxe8 48. Qg8+ 1-0

[Event "First Saturday 2008 december IM"]
[Site "Budapest"]
[Date "2008.12.10"]
[Round "5"]
[White "Demir, Gokhan"]
[Black "Adams, Nick A"]
[Result "1/2-1/2"]
[WhiteElo "2239"]
[BlackElo "2205"]
[PlyCount "39"]
[EventDate "2008.12.06"]

1. d4 d5 2. c4 e6 3. Nc3 c5 4. cxd5 exd5 5. Nf3 Nc6 6. g3 Nf6 7. Bg2 Be7 8. O-O
O-O 9. dxc5 d4 10. Na4 Bf5 11. a3 d3 12. Re1 dxe2 13. Qxe2 Qa5 14. Qc4 Be6 15.
Rxe6 fxe6 16. Bd2 Qd8 17. Qxe6+ Kh8 18. Bf4 Nd5 19. Be5 Nc7 20. Qg4 1/2-1/2

[Event "First Saturday 2008 december IM"]
[Site "Budapest"]
[Date "2008.12.10"]
[Round "5"]
[White "Yatzenko, Anton"]
[Black "Juhasz, Kristof"]
[Result "1/2-1/2"]
[WhiteElo "2267"]
[BlackElo "2214"]
[PlyCount "92"]
[EventDate "2008.12.06"]

1. e4 c6 2. d4 d5 3. e5 Bf5 4. Be3 e6 5. Nd2 Nd7 6. c3 f6 7. f4 Qb6 8. Qb3 g5
9. fxg5 fxe5 10. Qxb6 axb6 11. dxe5 Bg7 12. Ngf3 Ne7 13. h3 Nc5 14. Bxc5 bxc5
15. g4 Bc2 16. Rc1 Be4 17. Nxe4 dxe4 18. Nd2 Bxe5 19. Nxe4 Rxa2 20. Rb1 Nd5 21.
Bc4 Ra5 22. Kd2 b6 23. Rhf1 Rf8 24. Nf6+ Nxf6 25. gxf6 Rxf6 26. Rxf6 Bxf6 27.
Bxe6 Ra7 28. Kd3 Re7 29. Bf5 Bg5 30. h4 Bxh4 31. Rh1 Bg5 32. Bxh7 Re3+ 33. Kc2
Re2+ 34. Kb1 Ke7 35. Bd3 Rf2 36. Re1+ Kd6 37. Bf5 Rh2 38. Re6+ Kc7 39. Rg6 Bf4
40. Rg8 b5 41. Rc8+ Kb7 42. Rg8 b4 43. cxb4 cxb4 44. b3 Rd2 45. Be6 Rd1+ 46.
Kc2 Rd2+ 1/2-1/2

[Event "First Saturday 2008 december IM"]
[Site "Budapest"]
[Date "2008.12.10"]
[Round "5"]
[White "Simonyi, Zoltan"]
[Black "Toth, Lili"]
[Result "1-0"]
[WhiteElo "2248"]
[BlackElo "2194"]
[PlyCount "59"]
[EventDate "2008.12.06"]

1. c4 e6 2. g3 d5 3. Bg2 Nf6 4. Nf3 dxc4 5. Qc2 c6 6. Qxc4 b5 7. Qc2 Bb7 8. d4
a6 9. Nbd2 Nbd7 10. Nb3 Qb6 11. Bd2 c5 12. Ba5 Qc6 13. Nh4 Nd5 14. e4 N5f6 15.
d5 exd5 16. exd5 Qd6 17. O-O-O g6 18. Rhe1+ Be7 19. Bc7 Qxc7 20. Rxe7+ Kf8 21.
d6 Qb6 22. Bxb7 Qxb7 23. g4 c4 24. Nd4 Ng8 25. Qe2 Nxe7 26. Qxe7+ Kg8 27. Ndf5
h6 28. Nxg6 Rh7 29. Ne5 Nc5 30. d7 1-0

[Event "First Saturday 2008 december IM"]
[Site "Budapest"]
[Date "2008.12.11"]
[Round "6"]
[White "Juhasz, Kristof"]
[Black "Simonyi, Zoltan"]
[Result "1/2-1/2"]
[WhiteElo "2214"]
[BlackElo "2248"]
[PlyCount "91"]
[EventDate "2008.12.06"]

1. Nf3 d5 2. d4 c5 3. c4 cxd4 4. cxd5 Nf6 5. Nxd4 Nxd5 6. e4 Nb4 7. Be3 N8c6 8.
Nxc6 Qxd1+ 9. Kxd1 Nxc6 10. Nc3 Be6 11. Bb5 O-O-O+ 12. Ke2 Nd4+ 13. Bxd4 Rxd4
14. Rac1 Kb8 15. Rhd1 Rxd1 16. Rxd1 g6 17. Rd8+ Kc7 18. Rd2 a6 19. Bd3 Bh6 20.
Rc2 Kd6 21. b3 Rc8 22. Nd5 Rxc2+ 23. Bxc2 Bxd5 24. exd5 Kxd5 25. Kd3 e5 26. Bd1
e4+ 27. Kc2 Kd4 28. Be2 b5 29. a4 Kc5 30. axb5 axb5 31. Kd1 Bf4 32. g3 Be5 33.
f3 f5 34. fxe4 fxe4 35. Bg4 Kd6 36. Ke2 Bd4 37. Bc8 h5 38. Kf1 Be3 39. Bb7 Ke5
40. Bc6 b4 41. Be8 Kf5 42. Bd7+ Kf6 43. Bc6 Ke5 44. Be8 Kf5 45. Bd7+ Kg5 46.
Bc6 1/2-1/2